000 00405cam a2200169ua 4500
001 2751
008 131128n1986 II |||gr||||Z||||||eng
040 _aMAIN
041 _aEnglish
082 _a327 RAO
100 _aRAO, A. NARASIMHA.
245 _aINTERNATIONAL RELATIONS
260 _aNEW DELHI
_bSTERLING PUBLISHERS
_c1986
300 _a232:
_c20CM.
653 _aInternational relations
942 _cBK
999 _c2745
_d2745